[Event "GER-ch 67th"]
[Site "Binz"]
[Date "1995.??.??"]
[Round "7"]
[White "Rabiega, Robert"]
[Black "Wahls, Matthias"]
[Result "1/2-1/2"]
[WhiteElo "2470"]
[BlackElo "2550"]
[EventDate "1995.11.??"]
[PlyCount "130"]

1. e4 c5 2. c3 d5 3. exd5 Qxd5 4. d4 Nf6 5. Nf3 Bg4 6. Be2 cxd4 7. cxd4 e6 8. Nc3 Qd6 9. O-O Nc6 10. h3 Bh5 11. Be3 Be7 12. a3 O-O 13. Qb3 Rfd8 14. Rac1 Rab8 15. Rfd1 Nd5 16. Nb5 Na5 17. Qa2 Qb6 18. b4 Nc6 19. Nc3 a6 20. Nxd5 exd5 21. Ne5 Bxe2 22. Nxc6 Bxd1 23. Nxe7+ Kf8 24. Bf4 Ra8 25. Bc7 Qxd4 26. Nf5 Qd3 27. Bxd8 Rxd8 28. Qa1 Qxf5 29. Rxd1 Qf6 30. Qc1 d4 31. Qc5+ Qd6 32. Qf5 Kg8 33. Qd3 g6 34. Qe4 Rd7 35. Rd3 h5 36. g3 Kg7 37. h4 Qd5 38. Qf4 Kg8 39. Kh2 Kh7 40. g4 hxg4 41. Qxg4 Qe5+ 42. Rg3 Qe6 43. Qd1 Qf5 44. Qd2 Rd5 45. Rd3 Qe4 46. Kg3 b5 47. f3 Qe5+ 48. Qf4 Qe1+ 49. Kg2 Qe2+ 50. Kg3 Qe1+ 51. Kg2 Rf5 52. Qxd4 Qe2+ 53. Kg3 Qe1+ 54. Kg2 Re5 55. Rd2 Rh5 56. Qf2 Qe7 57. Rd4 Re5 58. Rd2 Rh5 59. Rd4 Kg8 60. Re4 Qd8 61. Qd4 Rd5 62. Re8+ Qxe8 63. Qxd5 Kg7 64. Qd4+ Kg8 65. Qf6 Qe2+ 1/2-1/2

[Event "GER-ch 67th"]
[Site "Binz"]
[Date "1995.??.??"]
[Round "7"]
[White "Rudolf, Henrik"]
[Black "Schirm, Friedmar"]
[Result "1-0"]
[WhiteElo "2280"]
[BlackElo "2315"]
[EventDate "1995.11.??"]
[PlyCount "69"]

1. e4 Nf6 2. e5 Nd5 3. d4 d6 4. c4 Nb6 5. exd6 cxd6 6. d5 e5 7. Nc3 Be7 8. Bd3 N8d7 9. b3 O-O 10. Nge2 f5 11. f4 a5 12. O-O a4 13. Be3 Nf6 14. h3 e4 15. Bc2 Bd7 16. c5 Nc8 17. b4 Qc7 18. Qd4 Be8 19. Rac1 Nd7 20. Nxa4 Bf6 21. Qd2 Nb8 22. cxd6 Nxd6 23. Bb3 Qd8 24. Nc5 Bf7 25. Rfd1 Na6 26. Ne6 Bxe6 27. dxe6 Be7 28. Qxd6 Qxd6 29. Rxd6 Bxd6 30. e7+ Rf7 31. b5 Nb4 32. Bc5 Bxc5+ 33. Rxc5 g6 34. a3 Nd3 35. Rd5 1-0

[Event "GER-ch 67th"]
[Site "Binz"]
[Date "1995.??.??"]
[Round "7"]
[White "Schaller, Sven"]
[Black "Roeber, Bjoern"]
[Result "1/2-1/2"]
[WhiteElo "2275"]
[BlackElo "2210"]
[EventDate "1995.11.??"]
[PlyCount "78"]

1. c4 Nf6 2. g3 g6 3. Bg2 d5 4. cxd5 Nxd5 5. Qa4+ c6 6. Qd4 f6 7. Nf3 Bg7 8. O-O O-O 9. Qc4 Be6 10. Qc2 Na6 11. Nc3 Nab4 12. Qb1 c5 13. a3 Nc6 14. Qe4 Bf7 15. Ng5 Nxc3 16. Nxf7 Nxe4 17. Nxd8 Raxd8 18. Bxe4 Nd4 19. e3 Nb3 20. Rb1 b6 21. Bc2 Nxd2 22. Bxd2 Rxd2 23. Bb3+ Kh8 24. Rfd1 Rfd8 25. Rxd2 Rxd2 26. Rd1 Rxd1+ 27. Bxd1 c4 28. a4 a6 29. Kf1 b5 30. b3 cxb3 31. Bxb3 bxa4 32. Bxa4 f5 33. h4 Bc3 34. Ke2 Kg7 35. f3 Kf6 36. g4 a5 37. Be8 e5 38. h5 e4 39. gxf5 exf3+ 1/2-1/2

[Event "GER-ch 67th"]
[Site "Binz"]
[Date "1995.??.??"]
[Round "7"]
[White "Schulz, Karsten"]
[Black "Lorscheid, Gerhard"]
[Result "1/2-1/2"]
[WhiteElo "2315"]
[BlackElo "2305"]
[EventDate "1995.11.??"]
[PlyCount "94"]

1. Nf3 g6 2. d4 Nf6 3. g3 Bg7 4. Bg2 O-O 5. O-O d6 6. b3 c5 7. Bb2 Ne4 8. Nbd2 Nxd2 9. Qxd2 Nc6 10. c4 Bg4 11. e3 e5 12. h3 Bxf3 13. Bxf3 exd4 14. exd4 Nxd4 15. Bxb7 Rb8 16. Bg2 Qf6 17. Rad1 Rfe8 18. Bxd4 cxd4 19. Rfe1 Re5 20. f4 Rxe1+ 21. Rxe1 Qd8 22. Bd5 Qd7 23. h4 Re8 24. Rxe8+ Qxe8 25. Kf2 Bf6 26. Qe2 Kf8 27. Qxe8+ Kxe8 28. Ke2 Bd8 29. b4 a5 30. a3 axb4 31. axb4 Bb6 32. Kd3 f5 33. Bf3 h5 34. Bd1 Ke7 35. Bc2 Ba7 36. Ke2 d3+ 37. Bxd3 Bb6 38. Bc2 Ba7 39. Ba4 Bb6 40. Bc6 Bd4 41. Bd5 Bc3 42. b5 Bd4 43. Kd3 Bf2 44. Kc3 Kd8 45. Bf7 Bxg3 46. Bxg6 Bxf4 47. Kd4 Kc7 1/2-1/2

[Event "GER-ch 67th"]
[Site "Binz"]
[Date "1995.??.??"]
[Round "7"]
[White "Slobodjan, Roman"]
[Black "Teske, Henrik"]
[Result "1-0"]
[WhiteElo "2500"]
[BlackElo "2500"]
[EventDate "1995.11.??"]
[PlyCount "59"]

1. e4 e6 2. d4 d5 3. Nd2 dxe4 4. Nxe4 Nd7 5. Nf3 Ngf6 6. Nxf6+ Nxf6 7. Bd3 c5 8. dxc5 Bxc5 9. Qe2 O-O 10. O-O b6 11. Bg5 Bb7 12. Rad1 Qc7 13. Ne5 Nd5 14. c4 Ne3 15. Bxh7+ Kxh7 16. Qh5+ Kg8 17. Bxe3 Bxe3 18. fxe3 Qc5 19. Rxf7 Qxe3+ 20. Kh1 Bxg2+ 21. Kxg2 Qe4+ 22. Kg3 Qe3+ 23. Rf3 Rxf3+ 24. Nxf3 Rf8 25. Qg4 Rf5 26. Rd7 Qh6 27. Rd8+ Kf7 28. Qd4 Kg6 29. Nh4+ Kh5 30. Qg4# 1-0

[Event "GER-ch 67th"]
[Site "Binz"]
[Date "1995.??.??"]
[Round "7"]
[White "Stern, Rene"]
[Black "Krause, Ullrich"]
[Result "1-0"]
[WhiteElo "2435"]
[BlackElo "2260"]
[EventDate "1995.11.??"]
[PlyCount "120"]

1. Nf3 Nf6 2. d4 d5 3. c4 e6 4. Nc3 Be7 5. Bg5 O-O 6. e3 h6 7. Bh4 Ne4 8. Bxe7 Qxe7 9. cxd5 Nxc3 10. bxc3 exd5 11. Qb3 Rd8 12. c4 dxc4 13. Bxc4 Nc6 14. Be2 Rd6 15. O-O Be6 16. Qc2 Bd5 17. Rfd1 Re8 18. Ne1 Rg6 19. Bf3 Nb4 20. Qd2 Bxf3 21. Nxf3 Qe4 22. Ne1 Nd5 23. Rac1 Ree6 24. Qd3 Qxd3 25. Nxd3 Re7 26. Rc5 Rd6 27. g3 c6 28. Ra5 a6 29. Ra3 Nc7 30. Rb3 Ne6 31. Rdb1 Rdd7 32. Kg2 g6 33. g4 Kg7 34. h3 Rc7 35. R3b2 Kf8 36. f4 Ke8 37. Kf3 Kd8 38. h4 Kc8 39. Ne5 Nd8 40. Rc1 Re8 41. Rbc2 Rce7 42. Rc3 Kb8 43. Rb1 Ka7 44. f5 g5 45. hxg5 hxg5 46. Rh1 c5 47. Rh6 cxd4 48. exd4 Rxe5 49. dxe5 Rxe5 50. Rd6 Nc6 51. Rd7 Kb6 52. Rxf7 Nd4+ 53. Kf2 Re2+ 54. Kf1 Re4 55. Rg3 Nc6 56. Rg7 Kc5 57. Rxg5 Kd4 58. Rg7 Ke5 59. Kg2 Re2+ 60. Kh3 Rxa2 1-0

[Event "GER-ch 67th"]
[Site "Binz"]
[Date "1995.??.??"]
[Round "7"]
[White "Vatter, Hans Joachim"]
[Black "Kachiani Gersinska, Ketino"]
[Result "1/2-1/2"]
[WhiteElo "2385"]
[BlackElo "2360"]
[EventDate "1995.11.??"]
[PlyCount "25"]

1. d4 Nf6 2. Nf3 g6 3. c4 Bg7 4. Nc3 O-O 5. Bg5 h6 6. Bh4 c5 7. e3 cxd4 8. Nxd4 Nc6 9. Be2 Nxd4 10. Qxd4 d6 11. Qd2 Be6 12. O-O Rc8 13. Bxf6 1/2-1/2

[Event "GER-ch 67th"]
[Site "Binz"]
[Date "1995.??.??"]
[Round "7"]
[White "Vuckovic, Aleksandar"]
[Black "Bastian, Herbert"]
[Result "0-1"]
[WhiteElo "2290"]
[BlackElo "2345"]
[EventDate "1995.11.??"]
[PlyCount "130"]

1. e4 e5 2. Nf3 Nc6 3. d4 exd4 4. Nxd4 Bc5 5. Nb3 Bb6 6. a4 Qh4 7. Qe2 d6 8. g3 Qf6 9. a5 Bd4 10. c3 Be5 11. f4 Qe6 12. N1d2 Bf6 13. Bg2 Nge7 14. h4 Qg4 15. Qxg4 Bxg4 16. Nf3 Be6 17. Nbd4 Bxd4 18. Nxd4 Nxd4 19. cxd4 d5 20. e5 Nf5 21. Kf2 Nxd4 22. Rd1 c5 23. Ra3 Rc8 24. Rc3 Ke7 25. Be3 Rc6 26. Bxd4 cxd4 27. Rxc6 bxc6 28. Rxd4 c5 29. Rd2 d4 30. Bb7 Rd8 31. Kf3 h5 32. Be4 g6 33. Rc2 c4 34. Rd2 Bg4+ 35. Kf2 Be6 36. Ke2 Rb8 37. Rxd4 Rxb2+ 38. Ke1 Rb5 39. a6 Ra5 40. Rd6 Ra3 41. Kd2 c3+ 42. Kc2 Bd7 43. Rd4 Ba4+ 44. Kb1 Bb5 45. Bd3 Bxa6 46. Bxa6 Rxa6 47. Rc4 Ra3 48. Kc2 a5 49. Rc7+ Ke6 50. Rc6+ Kd7 51. Rf6 Ke7 52. f5 Ra2+ 53. Kxc3 Rf2 54. Kd4 Rxf5 55. Ra6 Rf3 56. Rxa5 Rxg3 57. Ra7+ Kf8 58. e6 fxe6 59. Ke5 Rf3 60. Kxe6 Rf5 61. Rb7 Kg8 62. Rb4 Kg7 63. Ra4 Rb5 64. Rc4 g5 65. hxg5 Kg6 0-1

[Event "GER-ch 67th"]
[Site "Binz"]
[Date "1995.??.??"]
[Round "7"]
[White "Womacka, Mathias"]
[Black "Matthias, Heiner"]
[Result "1/2-1/2"]
[WhiteElo "2490"]
[BlackElo "2330"]
[EventDate "1995.11.??"]
[PlyCount "124"]

1. e4 c5 2. Nf3 d6 3. d4 cxd4 4. Nxd4 Nf6 5. Nc3 e6 6. Be2 Be7 7. O-O Nc6 8. Be3 Bd7 9. Nb3 O-O 10. f4 a6 11. a4 b6 12. Bf3 Qc7 13. Qe2 Bc8 14. Qc4 Ne8 15. f5 Rb8 16. fxe6 fxe6 17. Bg4 Nd8 18. Rxf8+ Kxf8 19. Qxc7 Nxc7 20. Nd2 Nf7 21. Nc4 Ne5 22. Nxe5 dxe5 23. Rd1 Ne8 24. Nb1 Bc5 25. Kf2 Ke7 26. Rd3 Nd6 27. Nd2 Bd7 28. b3 Rc8 29. Bxc5 Rxc5 30. c3 Rc8 31. Be2 Rf8+ 32. Rf3 a5 33. Rxf8 Kxf8 34. Ke3 Ke7 35. Nf3 Kf6 36. h4 h6 37. Nh2 Ke7 38. Ng4 Bc6 39. Bf3 Nf7 40. Kd2 Bb7 41. Kc2 Bc6 42. Kb2 Kd7 43. Kc2 Ke7 44. Kb2 Kd7 45. Kc2 Ke7 46. Kd3 Bb7 47. Ke3 Bc6 48. Be2 Nd6 49. Nf2 Nb7 50. Bd1 Nd6 51. Bc2 Bb7 52. Ng4 Nf7 53. Nh2 Nd6 54. Nf3 Nf7 55. Nd2 Nd6 56. b4 Bc6 57. Bd1 Kf6 58. Kd3 Ke7 59. Bb3 Kf6 60. Bc2 Ke7 61. Bd1 Kf6 62. b5 Bd7 1/2-1/2

[Event "GER-ch 67th"]
[Site "Binz"]
[Date "1995.??.??"]
[Round "8"]
[White "Bastian, Herbert"]
[Black "Luther, Thomas"]
[Result "0-1"]
[WhiteElo "2345"]
[BlackElo "2550"]
[EventDate "1995.11.??"]
[PlyCount "76"]

1. e4 e6 2. d4 d5 3. e5 c5 4. c3 Bd7 5. Nf3 Nc6 6. dxc5 Bxc5 7. Bd3 f6 8. b4 Bb6 9. b5 Nxe5 10. Nxe5 fxe5 11. Qh5+ Kf8 12. Ba3+ Ne7 13. Qxe5 Kg8 14. Nd2 Ng6 15. Qg3 Qf6 16. O-O Qxc3 17. Nb3 Qe5 18. Qf3 Qf6 19. Qd1 Rc8 20. Rb1 Nf4 21. Bb2 Qg5 22. g3 Nxd3 23. Qxd3 Qg6 24. Qe2 Rc2 25. Qe5 h6 26. Nd4 Rc4 27. Rfe1 Kh7 28. Rbd1 Ba5 29. Re2 Bc7 30. Qe3 e5 31. Nf3 d4 32. Qb3 Rc5 33. a4 Bg4 34. Rde1 Qf6 35. Nd2 Bxe2 36. Ne4 Qf3 37. Nxc5 d3 38. Bc1 Ba5 0-1

[Event "GER-ch 67th"]
[Site "Binz"]
[Date "1995.??.??"]
[Round "8"]
[White "Bischoff, Klaus"]
[Black "Mainka, Romuald"]
[Result "1-0"]
[WhiteElo "2550"]
[BlackElo "2530"]
[EventDate "1995.11.??"]
[PlyCount "65"]

1. Nf3 f5 2. d4 Nf6 3. Bg5 e6 4. Nbd2 Be7 5. Bxf6 Bxf6 6. e4 O-O 7. c3 Nc6 8. Bd3 d6 9. Qc2 Kh8 10. exf5 exf5 11. O-O-O Rb8 12. h4 Ne7 13. Ng5 Nd5 14. Ndf3 b5 15. Qd2 Bd7 16. Bc2 Qc8 17. Bb3 c6 18. h5 a5 19. Nh4 Kg8 20. a3 b4 21. cxb4 axb4 22. a4 h6 23. f4 Re8 24. Ng6 Qa6 25. Rde1 Qa7 26. Rxe8+ Rxe8 27. Nf3 Kh7 28. Re1 Rb8 29. Qd3 Nb6 30. g4 c5 31. g5 c4 32. gxf6 Qc7 33. Re7 1-0

[Event "GER-ch 67th"]
[Site "Binz"]
[Date "1995.??.??"]
[Round "8"]
[White "Boehnisch, Manfred"]
[Black "Odendahl, Reiner"]
[Result "1/2-1/2"]
[WhiteElo "2315"]
[BlackElo "2370"]
[EventDate "1995.11.??"]
[PlyCount "47"]

1. e4 c5 2. Nf3 Nc6 3. Bb5 Na5 4. c3 a6 5. Ba4 e6 6. O-O b5 7. Bc2 Bb7 8. d4 cxd4 9. cxd4 Nf6 10. e5 Nd5 11. Nbd2 Rc8 12. Ne4 h6 13. a3 b4 14. Bd2 Nc4 15. Bxb4 Nxb4 16. axb4 Bxb4 17. b3 Nb6 18. Nfd2 O-O 19. Bd3 a5 20. Qg4 Nd5 21. Nc4 f5 22. exf6 Nxf6 23. Nxf6+ Rxf6 24. Rac1 1/2-1/2

[Event "GER-ch 67th"]
[Site "Binz"]
[Date "1995.??.??"]
[Round "8"]
[White "Buchal, Stephan"]
[Black "Rudolf, Henrik"]
[Result "1-0"]
[WhiteElo "2295"]
[BlackElo "2280"]
[EventDate "1995.11.??"]
[PlyCount "39"]

1. e4 c5 2. Nf3 Nc6 3. Bb5 g6 4. O-O Bg7 5. c3 e5 6. d4 cxd4 7. cxd4 exd4 8. Bf4 Qb6 9. Na3 Bf8 10. Bc4 a6 11. Rb1 Be7 12. e5 h5 13. Bd3 Bxa3 14. bxa3 Qc5 15. Ng5 b5 16. a4 bxa4 17. Qxa4 Nge7 18. Ne4 Qa5 19. Qc4 Nxe5 20. Nd6+ 1-0

[Event "GER-ch 67th"]
[Site "Binz"]
[Date "1995.??.??"]
[Round "8"]
[White "Kachiani Gersinska, Ketino"]
[Black "Boensch, Uwe"]
[Result "0-1"]
[WhiteElo "2360"]
[BlackElo "2560"]
[EventDate "1995.11.??"]
[PlyCount "140"]

1. d4 Nf6 2. c4 e6 3. g3 Bb4+ 4. Bd2 Qe7 5. Nf3 Bxd2+ 6. Qxd2 O-O 7. Bg2 d6 8. Nc3 e5 9. O-O Nc6 10. d5 Nb8 11. e4 a5 12. a3 Na6 13. b4 axb4 14. axb4 Bg4 15. Rfb1 c5 16. dxc6 bxc6 17. Nh4 g6 18. Ra4 Be6 19. Bf1 c5 20. b5 Nb4 21. Rba1 Rxa4 22. Rxa4 Rb8 23. Ng2 Qc7 24. Ra1 Rd8 25. Ne3 Nd7 26. h4 Nb6 27. Be2 Kh8 28. h5 Qe7 29. hxg6 hxg6 30. Ned5 Bxd5 31. Qh6+ Kg8 32. exd5 e4 33. Kg2 Qe5 34. Qd2 Re8 35. Rc1 Qd4 36. Rd1 Nd3 37. Bxd3 exd3 38. Qxd3 Qxd3 39. Rxd3 Nxc4 40. Rd1 Ra8 41. Rc1 f5 42. Kf1 Ra3 43. Ke2 Rb3 44. Rb1 Rxb1 45. Nxb1 Nb6 46. Nc3 Kf7 47. f4 Ke7 48. Kf3 Nc4 49. g4 Kd7 50. Kg3 Kc7 51. Kh4 Nd2 52. gxf5 gxf5 53. Nd1 Ne4 54. Ne3 Kb6 55. Nxf5 Kxb5 56. Kg4 Kc4 57. Kf3 Kd3 58. Ne3 Nd2+ 59. Kf2 c4 60. Ng2 Ne4+ 61. Ke1 Nc3 62. f5 Nxd5 63. Kd1 Ke4 64. Kd2 Kxf5 65. Ne1 Ke4 66. Nc2 c3+ 67. Ke2 Nf4+ 68. Kd1 d5 69. Nb4 d4 70. Kc2 Nd5 0-1

[Event "GER-ch 67th"]
[Site "Binz"]
[Date "1995.??.??"]
[Round "8"]
[White "Knuth, Hannes"]
[Black "Reddmann, Hauke"]
[Result "1-0"]
[WhiteElo "2265"]
[BlackElo "2285"]
[EventDate "1995.11.??"]
[PlyCount "45"]

1. c4 f5 2. d4 e6 3. g3 Bb4+ 4. Bd2 a5 5. Bg2 Nf6 6. a3 Bxd2+ 7. Nxd2 Nc6 8. d5 Ne5 9. Nh3 Qe7 10. O-O Ng6 11. e4 O-O 12. Re1 fxe4 13. Nxe4 Nxe4 14. Bxe4 e5 15. Qh5 d6 16. Ng5 h6 17. f4 Nxf4 18. gxf4 Rxf4 19. Ne6 Bxe6 20. dxe6 Rf6 21. Rf1 c6 22. Rxf6 Qxf6 23. Qg6 1-0

[Event "GER-ch 67th"]
[Site "Binz"]
[Date "1995.??.??"]
[Round "8"]
[White "Lagunow, Alexander"]
[Black "Siebrecht, Sebastian"]
[Result "1/2-1/2"]
[WhiteElo "2395"]
[BlackElo "2325"]
[EventDate "1995.11.??"]
[PlyCount "118"]

1. c4 g6 2. Nc3 Bg7 3. g3 c5 4. Bg2 Nc6 5. Nf3 e5 6. O-O Nge7 7. a3 O-O 8. b4 d6 9. Rb1 Rb8 10. d3 b6 11. Bd2 h6 12. Ne1 Kh7 13. Nc2 f5 14. Ne3 Be6 15. b5 Na5 16. Ned5 Ng8 17. e3 Qd7 18. Qa4 h5 19. f4 Qd8 20. Rf2 Nh6 21. Rbf1 Rb7 22. h3 Rbf7 23. Ne2 Bxd5 24. Bxd5 Re7 25. Kh1 e4 26. dxe4 fxe4 27. Qc2 Rfe8 28. g4 hxg4 29. Ng3 gxh3 30. Nxe4 Qd7 31. Ng5+ Kh8 32. Qxg6 Qf5 33. Qxf5 Nxf5 34. Rf3 Nh6 35. Rxh3 Nb3 36. Bc3 Bxc3 37. Rxh6+ Kg7 38. Rxd6 Rxe3 39. Ne6+ Kh8 40. Kg2 Re2+ 41. Kg3 Rg8+ 42. Ng5 Rxg5+ 43. fxg5 Be5+ 44. Kg4 Bxd6 45. Rf6 Be5 46. Rf7 Nd4 47. Rxa7 Rf2 48. Kh5 Nf5 49. Ra8+ Kh7 50. g6+ Kg7 51. Ra7+ Kf8 52. Rf7+ Ke8 53. Bc6+ Kd8 54. Kg5 Bd4 55. Rxf5 Rxf5+ 56. Kxf5 Ke7 57. a4 Bc3 58. Kg5 Bd2+ 59. Kh5 Kf8 1/2-1/2

[Event "GER-ch 67th"]
[Site "Binz"]
[Date "1995.??.??"]
[Round "8"]
[White "Lutz, Christopher"]
[Black "Rabiega, Robert"]
[Result "1-0"]
[WhiteElo "2575"]
[BlackElo "2470"]
[EventDate "1995.11.??"]
[PlyCount "109"]

1. e4 c5 2. Nf3 Nc6 3. d4 cxd4 4. Nxd4 e5 5. Nb5 a6 6. Nd6+ Bxd6 7. Qxd6 Qf6 8. Qc7 Nge7 9. Nc3 Nd4 10. Bd3 Ne6 11. Qb6 Nf4 12. Qxf6 Nxd3+ 13. cxd3 gxf6 14. f4 Rg8 15. O-O b5 16. Ne2 d5 17. Ng3 Bg4 18. Bd2 h5 19. fxe5 fxe5 20. exd5 Nxd5 21. Rae1 f6 22. d4 O-O-O 23. dxe5 h4 24. Ne4 fxe5 25. Bg5 Rdf8 26. Rxf8+ Rxf8 27. Nf2 Bd7 28. Rxe5 Nb4 29. Bxh4 Nxa2 30. Bg3 Nb4 31. h4 Rf5 32. Re1 Bc6 33. Ne4 Rd5 34. Re2 Rd4 35. Nf6 Nd5 36. Nxd5 Rxd5 37. Be5 Be8 38. Bc3 Bh5 39. Re6 Kb7 40. Kh2 Rf5 41. Kh3 Rd5 42. Re3 Kc6 43. g4 Bf7 44. h5 Bxh5 45. gxh5 Rxh5+ 46. Kg4 Rh2 47. Re6+ Kb7 48. Re7+ Kc6 49. Re6+ Kb7 50. Be5 Rc2 51. Kf3 a5 52. Ke3 b4 53. Kd3 Rc1 54. Bd4 b3 55. Rb6+ 1-0

[Event "GER-ch 67th"]
[Site "Binz"]
[Date "1995.??.??"]
[Round "8"]
[White "Maiwald, Jens Uwe"]
[Black "Stern, Rene"]
[Result "0-1"]
[WhiteElo "2485"]
[BlackElo "2435"]
[EventDate "1995.11.??"]
[PlyCount "70"]

1. Nf3 Nf6 2. d3 Nc6 3. g3 e5 4. Bg2 d5 5. O-O Be7 6. c3 a5 7. Qc2 O-O 8. e4 Re8 9. a4 h6 10. Re1 Bf8 11. Na3 Be6 12. Nb5 Qd7 13. Bd2 Rad8 14. Rad1 Bg4 15. Bc1 g6 16. Qe2 Bg7 17. Qf1 Qc8 18. h3 Be6 19. Nd2 dxe4 20. dxe4 Nd7 21. f4 Nc5 22. f5 gxf5 23. exf5 Bxf5 24. Nxc7 Bd3 25. Qf2 Qxc7 26. Qxc5 Bc2 27. Be4 Bxd1 28. Rxd1 Qd6 29. Qb5 f5 30. Bxf5 e4 31. Qc4+ Kh8 32. Bxe4 Qxg3+ 33. Bg2 Ne5 34. Qf1 Qe3+ 35. Kh1 Nd3 0-1

[Event "GER-ch 67th"]
[Site "Binz"]
[Date "1995.??.??"]
[Round "8"]
[White "Schaller, Sven"]
[Black "Kirschbaum, Gunnar"]
[Result "1-0"]
[WhiteElo "2275"]
[BlackElo "2205"]
[EventDate "1995.11.??"]
[PlyCount "73"]

1. c4 g6 2. g3 Bg7 3. Bg2 d6 4. Nf3 Nf6 5. Nc3 O-O 6. Rb1 a5 7. a3 Nc6 8. b4 axb4 9. axb4 e5 10. d3 Ne7 11. Bb2 h6 12. Qc2 Be6 13. Nd2 c6 14. O-O Qd7 15. Na4 Nc8 16. c5 Nd5 17. Ba1 Bh3 18. e4 Nf4 19. Bxh3 Nxh3+ 20. Kg2 Ng5 21. f4 exf4 22. gxf4 Qg4+ 23. Kh1 Ne6 24. Bxg7 Kxg7 25. f5 Nf4 26. Rg1 Qe2 27. Rbf1 Nxd3 28. Rg2 Qe3 29. Qc3+ Kg8 30. fxg6 f6 31. cxd6 Kg7 32. e5 Qxe5 33. Qxd3 Rxa4 34. d7 Nd6 35. Nc4 Qe4 36. Qxd6 Ra2 37. Qxf8+ 1-0

[Event "GER-ch 67th"]
[Site "Binz"]
[Date "1995.??.??"]
[Round "8"]
[White "Schirm, Friedmar"]
[Black "Roeber, Bjoern"]
[Result "1-0"]
[WhiteElo "2315"]
[BlackElo "2210"]
[EventDate "1995.11.??"]
[PlyCount "133"]

1. d4 Nf6 2. c4 g6 3. Nc3 d5 4. cxd5 Nxd5 5. e4 Nxc3 6. bxc3 c5 7. Be3 Bg7 8. Qd2 Qa5 9. Rc1 cxd4 10. cxd4 Qxd2+ 11. Kxd2 O-O 12. Bb5 Rd8 13. Nf3 Bg4 14. Rc7 Nc6 15. Rxb7 Nxd4 16. Nxd4 Bxd4 17. Bxd4 Rxd4+ 18. Ke3 Rb4 19. Bc6 Rxb7 20. Bxb7 Rb8 21. Bd5 Be6 22. Bxe6 fxe6 23. Rc1 Rb7 24. Rc6 Kf7 25. Ra6 e5 26. g4 Rc7 27. Kf3 Rc3+ 28. Kg2 Rc7 29. g5 Rd7 30. h4 Rc7 31. Kg3 Rd7 32. f3 Rc7 33. Kg4 Rd7 34. h5 Rb7 35. a4 Rc7 36. a5 Rb7 37. Rc6 Rb5 38. a6 Ra5 39. h6 Ra1 40. Kh3 Ra3 41. Kg2 Ra2+ 42. Kf1 Ra1+ 43. Ke2 Ra3 44. Kf2 Ra2+ 45. Ke3 Rg2 46. Rc7 Rxg5 47. Rxa7 Rg2 48. Rb7 Ra2 49. a7 g5 50. Kd3 Kg6 51. Kc4 Kxh6 52. Kb5 Kh5 53. Kb6 g4 54. fxg4+ Kxg4 55. Rb8 Kf4 56. a8=Q Rxa8 57. Rxa8 Kxe4 58. Kc5 Kf3 59. Kd5 h5 60. Rf8+ Kg3 61. Ke4 h4 62. Ke3 h3 63. Rg8+ Kh2 64. Kf2 e4 65. Rg3 e6 66. Ra3 e5 67. Re3 1-0

[Event "GER-ch 67th"]
[Site "Binz"]
[Date "1995.??.??"]
[Round "8"]
[White "Schlosser, Philipp"]
[Black "Zude, Arno"]
[Result "1/2-1/2"]
[WhiteElo "2500"]
[BlackElo "2405"]
[EventDate "1995.11.??"]
[PlyCount "111"]

1. c4 e6 2. g3 Nf6 3. Bg2 d5 4. Nf3 dxc4 5. Qa4+ Nbd7 6. Qxc4 c5 7. d3 a6 8. Qb3 Qc7 9. O-O Rb8 10. Nc3 b6 11. Ng5 Ne5 12. Bf4 h6 13. Nge4 Nh5 14. Bxe5 Qxe5 15. e3 Be7 16. Rfd1 Qc7 17. d4 O-O 18. d5 Rd8 19. Rd2 Nf6 20. Nxf6+ Bxf6 21. Rad1 Be7 22. dxe6 Bxe6 23. Bd5 Qe5 24. a4 Bxd5 25. Nxd5 Qe6 26. Qc4 b5 27. axb5 axb5 28. Nxe7+ Qxe7 29. Rxd8+ Rxd8 30. Rxd8+ Qxd8 31. Qxc5 Qd3 32. Qd4 Qe2 33. h4 h5 34. Kg2 g6 35. b4 Kh7 36. e4 Kg8 37. e5 Kh7 38. Qc3 Kg8 39. Qc8+ Kg7 40. Qc5 Kg8 41. Qe3 Qc4 42. Qf4 Qe2 43. Kg1 Qd1+ 44. Kh2 Qf1 45. Qf6 Qc4 46. Qd8+ Kg7 47. Qd6 Kg8 48. Kg2 Qe2 49. Qd4 Kh7 50. Qe3 Qc4 51. Qe1 Qd5+ 52. f3 Qd3 53. Qe4 Qd2+ 54. Kh3 Qd1 55. f4 Qf1+ 56. Kh2 1/2-1/2

[Event "GER-ch 67th"]
[Site "Binz"]
[Date "1995.??.??"]
[Round "8"]
[White "Voekler, Bernd"]
[Black "Vatter, Hans Joachim"]
[Result "1/2-1/2"]
[WhiteElo "2360"]
[BlackElo "2385"]
[EventDate "1995.11.??"]
[PlyCount "30"]

1. e4 c5 2. Nf3 e6 3. d4 cxd4 4. Nxd4 a6 5. c4 Qc7 6. a3 Nc6 7. Nc3 Nf6 8. Be3 Be7 9. Be2 O-O 10. O-O d6 11. Rc1 Nxd4 12. Qxd4 Bd7 13. Rfd1 Rfc8 14. f3 Qb8 15. a4 Qc7 1/2-1/2

[Event "GER-ch 67th"]
[Site "Binz"]
[Date "1995.??.??"]
[Round "8"]
[White "Wahls, Matthias"]
[Black "Slobodjan, Roman"]
[Result "1/2-1/2"]
[WhiteElo "2550"]
[BlackElo "2500"]
[EventDate "1995.11.??"]
[PlyCount "120"]

1. e4 d6 2. d4 Nf6 3. Nc3 g6 4. f4 Bg7 5. Nf3 O-O 6. Bd3 Nc6 7. O-O e5 8. dxe5 dxe5 9. f5 gxf5 10. exf5 e4 11. Nxe4 Bxf5 12. Ng3 Bg6 13. Nf5 Bxf5 14. Bxf5 Qxd1 15. Rxd1 Ne7 16. Bd3 Ng6 17. Nd4 Ne5 18. Be2 Rfe8 19. Nf5 Bf8 20. Be3 Neg4 21. Bxg4 Nxg4 22. Bd4 Rad8 23. Rd3 c5 24. Rg3 cxd4 25. Rxg4+ Kh8 26. Rd1 Re2 27. Rgxd4 Bc5 28. Kf1 Rde8 29. R4d2 R2e4 30. g3 R4e5 31. Rd5 h5 32. Nh4 Kg7 33. Rxe5 Rxe5 34. Rd7 b5 35. Nf3 Rf5 36. Ke2 Bb6 37. c3 Kf6 38. Rd1 Rc5 39. Rf1 Kg7 40. Nd4 b4 41. Kd3 Ra5 42. a3 bxa3 43. b4 Rg5 44. Nf5+ Kf6 45. Nd6+ Ke6 46. Nc4 a2 47. Re1+ Kd5 48. Ra1 h4 49. gxh4 Rg2 50. Nd2 Rxh2 51. c4+ Kc6 52. c5 Rh3+ 53. Kc2 Bc7 54. Rxa2 Rxh4 55. Ra6+ Kb7 56. b5 Rb4 57. Rf6 Rxb5 58. Ne4 Rb4 59. Nd6+ Kc6 60. Ne8+ Kd7 1/2-1/2

[Event "GER-ch 67th"]
[Site "Binz"]
[Date "1995.??.??"]
[Round "8"]
[White "Womacka, Mathias"]
[Black "Kuraszkiewicz, Michael"]
[Result "1/2-1/2"]
[WhiteElo "2490"]
[BlackElo "2280"]
[EventDate "1995.11.??"]
[PlyCount "30"]

1. e4 e6 2. d4 d5 3. Nd2 Nf6 4. Bd3 c5 5. e5 Nfd7 6. c3 Nc6 7. Ne2 cxd4 8. cxd4 f6 9. exf6 Qxf6 10. Nf3 h6 11. O-O Bd6 12. Be3 O-O 13. Ng3 Rd8 14. Qb3 Nf8 15. Rad1 Bd7 1/2-1/2

[Event "GER-ch 67th"]
[Site "Binz"]
[Date "1995.??.??"]
[Round "9"]
[White "Boensch, Uwe"]
[Black "Wahls, Matthias"]
[Result "0-1"]
[WhiteElo "2560"]
[BlackElo "2550"]
[EventDate "1995.11.??"]
[PlyCount "120"]

1. d4 Nf6 2. c4 e6 3. Nf3 b6 4. g3 Ba6 5. Qa4 Bb7 6. Bg2 c5 7. dxc5 Bxc5 8. O-O O-O 9. Nc3 Be7 10. Bf4 Na6 11. Rac1 Qc8 12. Nb5 Nc5 13. Qd1 Nce4 14. a3 a6 15. Nd6 Nxd6 16. Bxd6 Bxd6 17. Qxd6 Bc6 18. Ne5 Bxg2 19. Kxg2 Qb7+ 20. f3 Rac8 21. Rc3 Rc7 22. Rfc1 Rb8 23. e4 Ne8 24. Qd4 d6 25. Nd3 Rd7 26. Rb3 Nf6 27. a4 Qc7 28. a5 bxa5 29. Rxb8+ Qxb8 30. Ra1 Qc7 31. Qc3 Qc8 32. Rxa5 h6 33. Qd4 e5 34. Qc3 Rc7 35. b3 Rc6 36. Ra3 Qb7 37. Qa5 Qa7 38. Qe1 Qd4 39. Qe2 Rb6 40. Nf2 Nd7 41. Qe1 Nc5 42. b4 Ne6 43. Qc3 Qxc3 44. Rxc3 Rxb4 45. Nd3 Ra4 46. c5 dxc5 47. Nxe5 Ra2+ 48. Kh3 h5 49. Nd7 Kh7 50. Nxc5 Ng5+ 51. Kh4 Kh6 52. g4 Rxh2+ 53. Kg3 Rh3+ 54. Kf4 Nxf3 55. gxh5 Ng5 56. Rc1 Kxh5 57. Re1 f6 58. Rf1 Rc3 59. Nd7 Ne6+ 60. Kf5 Nd4+ 0-1

[Event "GER-ch 67th"]
[Site "Binz"]
[Date "1995.??.??"]
[Round "9"]
[White "Buchal, Stephan"]
[Black "Machelett, Heiko"]
[Result "1/2-1/2"]
[WhiteElo "2295"]
[BlackElo "2385"]
[EventDate "1995.11.??"]
[PlyCount "84"]

1. e4 e6 2. d4 d5 3. e5 c5 4. c3 Nc6 5. Nf3 Bd7 6. a3 f6 7. Bd3 fxe5 8. dxe5 Qc7 9. Qe2 O-O-O 10. O-O c4 11. Bc2 Nh6 12. Bxh6 gxh6 13. Nbd2 Bg7 14. Rfe1 Kb8 15. Nf1 Be8 16. Nd4 Nxd4 17. cxd4 Bg6 18. Rac1 Qf7 19. Bxg6 hxg6 20. Rc3 Rc8 21. Qg4 h5 22. Qd1 Rhf8 23. Rf3 Qe7 24. Ree3 Bh6 25. Rxf8 Rxf8 26. Rg3 Qe8 27. Ne3 Rf4 28. Rf3 Qf7 29. Rxf4 Qxf4 30. g3 Qf7 31. f4 a6 32. Kg2 Ka7 33. h4 Bf8 34. Qa4 b5 35. Qa5 Qd7 36. Kf3 Be7 37. Nc2 Qc8 38. Ke3 Kb7 39. Nb4 Qa8 40. Nc2 Qe8 41. Nb4 Qa8 42. Nc2 Qe8 1/2-1/2

[Event "GER-ch 67th"]
[Site "Binz"]
[Date "1995.??.??"]
[Round "9"]
[White "Hennings, Artur"]
[Black "Womacka, Mathias"]
[Result "1/2-1/2"]
[WhiteElo "2345"]
[BlackElo "2490"]
[EventDate "1995.11.??"]
[PlyCount "21"]

1. e4 e6 2. d4 d5 3. exd5 exd5 4. Bd3 Bd6 5. Qe2+ Qe7 6. Qxe7+ Nxe7 7. Ne2 Bf5 8. Bxf5 Nxf5 9. c3 O-O 10. Bf4 Bxf4 11. Nxf4 1/2-1/2